000 00422pab a2200169 454500
008 180718b2012 xxu||||| |||| 00| 0 eng d
100 _aSingh, U.B.
245 _aEradicating poverty in urban India through developing skills in mission mode
260 _c2012
300 _ap.18-41.
362 _aJul-Sep
650 _aSkills development
650 _aPoverty
773 _aNagarlok
908 _aN
909 _a99220
999 _c99219
_d99219